000 00471nam a22001457a 4500
003 OSt
005 20250715093826.0
008 240812b |||||||| |||| 00| 0 eng d
020 _a9789589777756
040 _cCO-JMCR
082 _a362.11
_bR43r
_223
245 _aRégimen de atención en el Hospital San Juan de Dios :
_bordenanzas y relaciones Bogotá, 1868-1876 /
_cEstela Restrepo Zea, Ona Vileikis Pinilla.
300 _a332 páginas ;
_c17 cm.
942 _2ddc
_cBK
999 _c30803
_d17187